000
00269nam a22001217a 4500
008
171123b xxu||||| |||| 00| 0 eng d
041
_a
eng
080
_a
54
100
_a
11
101
_a
BIO
245
_a
BIOCHEMISTRY SHORT COURSES
_c
ALBERT.L.L
942
_2
udc
_c
BK
999
_c
38386
_d
38386